[Event "FIDE Open World Blitz 2021"]
[Site "Warsaw"]
[Date "2021.12.29"]
[Round "6.25"]
[White "Saric, Ivan"]
[Black "Nasuta, Grzegorz"]
[Result "1-0"]
[WhiteElo "2665"]
[BlackElo "2377"]
[Annotator "ChessBase"]
[PlyCount "85"]
[EventDate "2021.12.29"]
[EventType "swiss"]
[EventCountry "POL"]
[Tiebreak "Cut1 Buchholz"]
[SourceTitle "playchess.com"]
[Source "ChessBase"]
[SourceQuality "1"]

1. e4 e5 2. Nf3 Nc6 3. Bb5 a6 4. Ba4 Nf6 5. O-O Be7 6. Re1 b5 7. Bb3 d6 8. c3
O-O 9. h3 Nb8 10. d4 Nbd7 11. Nbd2 Bb7 12. Bc2 c5 13. d5 c4 14. Nf1 Qc7 15. Ng3
g6 16. Nh2 a5 17. Rf1 b4 18. Kh1 Ba6 19. f4 b3 20. Bb1 exf4 21. Bxf4 a4 22.
axb3 cxb3 23. Re1 Ne5 24. Rxa4 Nfd7 25. Ra3 Bc4 26. Rxa8 Rxa8 27. Nf3 Bf6 28.
Nf1 Nxf3 29. Qxf3 Be5 30. Be3 Nc5 31. Nd2 Na4 32. Nxc4 Qxc4 33. Rf1 f6 34. Bc1
Nc5 35. Bh6 Ra1 36. Kg1 Na4 37. Bd3 Rxf1+ 38. Bxf1 Qc5+ 39. Be3 Qa5 40. Qg4
Nxb2 41. Qe6+ Kg7 42. Qe7+ Kg8 43. Bh6 1-0

[Event "FIDE Open World Blitz 2021"]
[Site "Warsaw"]
[Date "2021.12.29"]
[Round "6.25"]
[White "Chigaev, Maksim"]
[Black "Nihal Sarin"]
[Result "0-1"]
[WhiteElo "2626"]
[BlackElo "2650"]
[Annotator "ChessBase"]
[PlyCount "60"]
[EventDate "2021.12.29"]
[EventType "swiss"]
[EventCountry "POL"]
[Tiebreak "Cut1 Buchholz"]
[SourceTitle "playchess.com"]
[Source "ChessBase"]
[SourceQuality "1"]

1. c4 e6 2. Nf3 d5 3. d4 Nf6 4. g3 Be7 5. Bg2 O-O 6. O-O dxc4 7. Qc2 b5 8. Ne5
Nd5 9. a4 c6 10. Nc3 f6 11. Nf3 Qd7 12. e4 Nb4 13. Qe2 Bb7 14. Rd1 Nd3 15. Be3
Na6 16. d5 cxd5 17. exd5 exd5 18. axb5 Nab4 19. Nd4 Bc5 20. Na4 Bd6 21. Qd2 f5
22. Ne2 f4 23. gxf4 d4 24. Bxd4 Bxg2 25. Kxg2 Qg4+ 26. Kf1 Bxf4 27. Be3 Bxe3
28. Qxe3 Rae8 29. h3 Rxe3 30. hxg4 Rxf2+ 0-1

[Event "FIDE Open World Blitz 2021"]
[Site "Warsaw"]
[Date "2021.12.29"]
[Round "6.26"]
[White "Shevchenko, Kirill"]
[Black "Sjugirov, Sanan"]
[Result "1-0"]
[WhiteElo "2647"]
[BlackElo "2589"]
[Annotator "ChessBase"]
[PlyCount "41"]
[EventDate "2021.12.29"]
[EventType "swiss"]
[EventCountry "POL"]
[Tiebreak "Cut1 Buchholz"]
[SourceTitle "playchess.com"]
[Source "ChessBase"]
[SourceQuality "1"]

1. e4 e5 2. Nf3 Nc6 3. Bb5 Nf6 4. O-O Nxe4 5. d4 Nd6 6. Ba4 e4 7. Ne5 Be7 8.
Nc3 O-O 9. Re1 Bf6 10. Bf4 Ne7 11. Ng4 Ne8 12. Nxe4 Nd5 13. Nexf6+ Nexf6 14.
Bg5 h6 15. Nxh6+ gxh6 16. Bxh6 Ne7 17. Bg5 Ng6 18. h4 d5 19. Qf3 Kg7 20. h5 Bg4
21. Bxf6+ 1-0

[Event "FIDE Open World Blitz 2021"]
[Site "Warsaw"]
[Date "2021.12.29"]
[Round "6.26"]
[White "Heberla, Bartlomiej"]
[Black "Krasenkow, Michal"]
[Result "1/2-1/2"]
[WhiteElo "2373"]
[BlackElo "2576"]
[Annotator "ChessBase"]
[PlyCount "153"]
[EventDate "2021.12.29"]
[EventType "swiss"]
[EventCountry "POL"]
[Tiebreak "Cut1 Buchholz"]
[SourceTitle "playchess.com"]
[Source "ChessBase"]
[SourceQuality "1"]

1. d4 g6 2. c4 Bg7 3. e4 d6 4. Nc3 e5 5. d5 h5 6. h4 Nd7 7. Nf3 a5 8. Ng5 Nc5
9. Be3 f6 10. Nh3 Bh6 11. Qd2 Bxe3 12. Qxe3 Nh6 13. f3 Nf7 14. g3 O-O 15. O-O-O
a4 16. Nf2 c6 17. g4 hxg4 18. fxg4 Qa5 19. Kb1 Qb4 20. Qd2 a3 21. b3 f5 22.
gxf5 gxf5 23. Rg1+ Kh7 24. Qe2 Nh6 25. Qh5 Rf6 26. Qg5 Ng4 27. Nxg4 fxg4 28.
Qxf6 Qxc3 29. Qe7+ Kg8 30. Qg5+ Kh7 31. Qd2 Qxd2 32. Rxd2 Nxe4 33. Bd3 Bf5 34.
Kc2 cxd5 35. Rf1 Bg6 36. h5 Bxh5 37. Bxe4+ dxe4 38. Rh1 Kg6 39. Rxd6+ Kg5 40.
Re6 Bg6 41. Kc3 Bf5 42. Rxe5 g3 43. Re7 Rg8 44. Rg1 Kf4 45. Rf7 Rg5 46. Kd2 g2
47. Ke2 Kg3 48. Rf8 Bg4+ 49. Ke3 Bf3 50. Rh8 Rg7 51. c5 Rd7 52. Rg8+ Kh2 53.
Rc1 Rd3+ 54. Kf4 Bd1 55. Rh8+ Kg1 56. Kxe4 Rd7 57. Ke3 Kf1 58. Rf8+ Ke1 59. Rg8
Re7+ 60. Kd3 Rd7+ 61. Ke3 Kf1 62. Rf8+ Kg1 63. Rg8 Rd5 64. b4 Kh2 65. Rh8+ Kg3
66. Rg8+ Bg4 67. b5 Rf5 68. Rg1 Rf3+ 69. Kd4 Rf2 70. c6 bxc6 71. bxc6 Rc2 72.
c7 Rxc7 73. Rxg4+ Kxg4 74. Rxg2+ Kf5 75. Rg3 Ke6 76. Rxa3 Kd6 77. Ke4 1/2-1/2

[Event "FIDE Open World Blitz 2021"]
[Site "Warsaw"]
[Date "2021.12.29"]
[Round "6.27"]
[White "Abdusattorov, Nodirbek"]
[Black "Harsha, Bharathakoti"]
[Result "1/2-1/2"]
[WhiteElo "2646"]
[BlackElo "2576"]
[Annotator "ChessBase"]
[PlyCount "117"]
[EventDate "2021.12.29"]
[EventType "swiss"]
[EventCountry "POL"]
[Tiebreak "Cut1 Buchholz"]
[SourceTitle "playchess.com"]
[Source "ChessBase"]
[SourceQuality "1"]

1. c4 e5 2. g3 c6 3. d4 e4 4. d5 cxd5 5. cxd5 Nf6 6. Bg2 Bb4+ 7. Bd2 Qe7 8.
Bxb4 Qxb4+ 9. Qd2 Nxd5 10. Qxb4 Nxb4 11. Bxe4 d5 12. a3 dxe4 13. axb4 Nc6 14.
b5 Nd4 15. Ra4 Nxb5 16. Rxe4+ Be6 17. Nf3 O-O 18. O-O Rac8 19. Rb4 a6 20. Na3
Nxa3 21. bxa3 b5 22. Nd4 Bd7 23. Rd1 Rfd8 24. Rb3 g6 25. f3 Be6 26. Rbd3 Bc4
27. R3d2 h5 28. Kf2 Rd7 29. e3 Rdc7 30. e4 Kg7 31. h4 a5 32. Rb2 Rb7 33. Rc1
Rcb8 34. Ke3 Rb6 35. a4 R8b7 36. axb5 Be6 37. Ra1 Ra7 38. Nxe6+ Rxe6 39. b6 Rb7
40. Rxa5 Rexb6 41. Rxb6 Rxb6 42. Ra7 Kf6 43. Kf4 Rb3 44. e5+ Ke6 45. Ra6+ Ke7
46. Rf6 Rb5 47. Ra6 Rb3 48. g4 hxg4 49. fxg4 Rb1 50. e6 f6 51. h5 Rb4+ 52. Kf3
gxh5 53. gxh5 Rh4 54. h6 Rxh6 55. Ke4 Rh5 56. Kf4 Re5 57. Rb6 Rxe6 58. Rxe6+
Kxe6 59. Ke4 1/2-1/2

[Event "FIDE Open World Blitz 2021"]
[Site "Warsaw"]
[Date "2021.12.29"]
[Round "6.27"]
[White "Bellahcene, Bilel"]
[Black "Jakubowski, Krzysztof"]
[Result "0-1"]
[WhiteElo "2528"]
[BlackElo "2373"]
[Annotator "ChessBase"]
[PlyCount "96"]
[EventDate "2021.12.29"]
[EventType "swiss"]
[EventCountry "POL"]
[Tiebreak "Cut1 Buchholz"]
[SourceTitle "playchess.com"]
[Source "ChessBase"]
[SourceQuality "1"]

1. e4 c5 2. Nf3 e6 3. d4 cxd4 4. Nxd4 Nc6 5. Nc3 Qc7 6. a3 a6 7. Be2 b5 8. Be3
Bb7 9. Nxc6 Bxc6 10. O-O Nf6 11. Bf3 Bd6 12. h3 h5 13. Re1 Bh2+ 14. Kf1 Be5 15.
Qd3 Rc8 16. Rad1 Ba8 17. Bd4 g5 18. Nd5 Bxd5 19. exd5 Bxd4 20. Qxd4 Qc4+ 21.
Qxc4 Rxc4 22. dxe6 fxe6 23. c3 g4 24. Be2 Rc5 25. h4 Ke7 26. Bd3 Rf8 27. Kg1 d6
28. Rd2 Nd5 29. g3 Nc7 30. Bg6 Rf6 31. Be4 Re5 32. Rde2 d5 33. Bc2 Rxe2 34.
Rxe2 Kd6 35. Kf1 e5 36. Rd2 a5 37. Ke2 a4 38. Bb1 Kc5 39. Rd3 e4 40. Rd2 Ne8
41. Ba2 Rf5 42. b4+ axb3 43. Bxb3 Nd6 44. a4 bxa4 45. Bxa4 Rf3 46. Bb3 Nc4 47.
Bxc4 Kxc4 48. Rd4+ Kc5 0-1

[Event "FIDE Open World Blitz 2021"]
[Site "Warsaw"]
[Date "2021.12.29"]
[Round "6.28"]
[White "Fridman, Daniel"]
[Black "Sadhwani, Raunak"]
[Result "0-1"]
[WhiteElo "2626"]
[BlackElo "2562"]
[Annotator "ChessBase"]
[PlyCount "54"]
[EventDate "2021.12.29"]
[EventType "swiss"]
[EventCountry "POL"]
[Tiebreak "Cut1 Buchholz"]
[SourceTitle "playchess.com"]
[Source "ChessBase"]
[SourceQuality "1"]

1. d4 Nf6 2. c4 g6 3. Nf3 Bg7 4. g3 O-O 5. Bg2 d6 6. Nc3 c6 7. O-O Bf5 8. Ng5
e5 9. d5 Qc7 10. dxc6 bxc6 11. Nb5 cxb5 12. Bxa8 h6 13. Nf3 bxc4 14. Nh4 Be6
15. Bg2 Nbd7 16. f4 exf4 17. gxf4 Bg4 18. h3 Bh5 19. Qc2 Re8 20. e4 Qb6+ 21.
Kh1 Qd8 22. Bd2 Nxe4 23. Be1 d5 24. Rb1 Ndc5 25. Nf3 Nd3 26. Kh2 Nxf4 27. Bh1
Qb8 0-1

[Event "FIDE Open World Blitz 2021"]
[Site "Warsaw"]
[Date "2021.12.29"]
[Round "6.28"]
[White "Kozak, Adam"]
[Black "Gdanski, Jacek"]
[Result "1-0"]
[WhiteElo "2532"]
[BlackElo "2367"]
[Annotator "ChessBase"]
[PlyCount "143"]
[EventDate "2021.12.29"]
[EventType "swiss"]
[EventCountry "POL"]
[Tiebreak "Cut1 Buchholz"]
[SourceTitle "playchess.com"]
[Source "ChessBase"]
[SourceQuality "1"]

1. Nf3 c5 2. c4 g6 3. g3 Bg7 4. Bg2 Nc6 5. Nc3 e5 6. O-O Nge7 7. a3 a5 8. d3
O-O 9. Bg5 f6 10. Bd2 d6 11. Qa4 Bd7 12. Qb3 Rb8 13. Rab1 h6 14. Ne1 Kh7 15.
Qd1 f5 16. Nc2 f4 17. b4 axb4 18. axb4 b6 19. bxc5 bxc5 20. Rxb8 Qxb8 21. Na3
Nd4 22. Nc2 Nec6 23. Nxd4 Nxd4 24. Nd5 Bg4 25. f3 Be6 26. Nc3 Qc7 27. Ne4 g5
28. Bc3 Nf5 29. Qa4 Rb8 30. Bh3 Bd7 31. Qa5 Qc6 32. Bxf5+ Bxf5 33. Ra1 Rb3 34.
g4 Bxe4 35. dxe4 Qb7 36. Be1 h5 37. gxh5 g4 38. Qd2 gxf3 39. exf3 Rxf3 40. Qe2
Qb3 41. Bf2 Qd3 42. Qe1 Rh3 43. Rd1 Qf3 44. Qf1 Qxh5 45. Rxd6 f3 46. Bg3 Qg4
47. Qf2 Bh6 48. Rd3 Bf4 49. Rxf3 Bxg3 50. hxg3 Qxe4 51. Rf7+ Kh6 52. Qf6+ Qg6
53. Qh8+ Kg5 54. Qxh3 Qxf7 55. Qh4+ Kg6 56. Qg4+ Kh6 57. Kg2 Qb7+ 58. Kh2 Qb2+
59. Kh3 Qd4 60. Qe6+ Kg5 61. Qg8+ Kf6 62. Qf8+ Kg6 63. Qg8+ Kf6 64. Qh8+ Ke6
65. Qe8+ Kd6 66. Qf7 e4 67. Kg4 Qd1+ 68. Kg5 Qd2+ 69. Qf4+ Qxf4+ 70. Kxf4 e3
71. Kxe3 Ke5 72. g4 1-0

[Event "FIDE Open World Blitz 2021"]
[Site "Warsaw"]
[Date "2021.12.29"]
[Round "6.29"]
[White "Piorun, Kacper"]
[Black "Adly, Ahmed"]
[Result "0-1"]
[WhiteElo "2634"]
[BlackElo "2602"]
[Annotator "ChessBase"]
[PlyCount "82"]
[EventDate "2021.12.29"]
[EventType "swiss"]
[EventCountry "POL"]
[Tiebreak "Cut1 Buchholz"]
[SourceTitle "playchess.com"]
[Source "ChessBase"]
[SourceQuality "1"]

1. e4 c5 2. Nc3 d6 3. Bb5+ Bd7 4. a4 e6 5. f4 a6 6. Bxd7+ Qxd7 7. Nf3 Nc6 8. d3
d5 9. O-O Nf6 10. Ne5 Qc7 11. Nxc6 Qxc6 12. f5 dxe4 13. fxe6 Qxe6 14. dxe4 Be7
15. Qf3 O-O 16. Bf4 Rad8 17. Rae1 Rd4 18. Nd5 Bd8 19. Be3 Rxe4 20. Nc3 Re5 21.
Bf2 Bc7 22. Qxb7 Rxe1 23. Rxe1 Qd6 24. g3 Rb8 25. Qf3 Rxb2 26. Rd1 Qe6 27. Qa8+
Rb8 28. Qa7 Be5 29. Ne4 Re8 30. Nxc5 Qg4 31. Re1 h5 32. Qxa6 h4 33. Qe2 hxg3
34. hxg3 Qh3 35. Qf1 Qc8 36. Nd3 Bc3 37. Rxe8+ Qxe8 38. Nc5 Ng4 39. Qc4 Nxf2
40. Qxc3 Qe2 41. Kg2 Ne4+ 0-1

[Event "FIDE Open World Blitz 2021"]
[Site "Warsaw"]
[Date "2021.12.29"]
[Round "6.29"]
[White "Nguyen, Thai Dai Van"]
[Black "Kuzmicz, Krystian"]
[Result "1-0"]
[WhiteElo "2594"]
[BlackElo "2281"]
[Annotator "ChessBase"]
[PlyCount "143"]
[EventDate "2021.12.29"]
[EventType "swiss"]
[EventCountry "POL"]
[Tiebreak "Cut1 Buchholz"]
[SourceTitle "playchess.com"]
[Source "ChessBase"]
[SourceQuality "1"]

1. d4 g6 2. e4 Bg7 3. Nc3 c6 4. Nf3 d5 5. h3 Nf6 6. Bd3 dxe4 7. Nxe4 Nxe4 8.
Bxe4 Nd7 9. O-O O-O 10. c3 e5 11. dxe5 Nxe5 12. Nxe5 Bxe5 13. Bh6 Bg7 14. Bxg7
Kxg7 15. a4 a5 16. Qb3 Qc7 17. Bd3 Be6 18. Bc4 Bxc4 19. Qxc4 Qb6 20. b3 Rad8
21. Rad1 Rxd1 22. Rxd1 Rd8 23. Rxd8 Qxd8 24. g3 Qd6 25. h4 h5 26. Kg2 Qe5 27.
b4 axb4 28. cxb4 Qa1 29. a5 Qe5 30. Kf3 Qf6+ 31. Ke3 Qe5+ 32. Qe4 Qc3+ 33. Ke2
Qb2+ 34. Kf3 Qc3+ 35. Kg2 Qb2 36. Qe7 Qd4 37. Qxb7 Qe4+ 38. Kh2 g5 39. hxg5 h4
40. Qb6 h3 41. Kxh3 Qh1+ 42. Kg4 Qe4+ 43. Kh3 Qh1+ 44. Kg4 Qe4+ 45. f4 Qe2+ 46.
Kh3 Qf1+ 47. Kh2 Qe2+ 48. Kg1 Qe1+ 49. Kg2 Qe4+ 50. Kf2 Qc2+ 51. Kf3 Qd1+ 52.
Kf2 Qd2+ 53. Kf3 Qd1+ 54. Ke3 Qg1+ 55. Ke4 Qxg3 56. Qd4+ Kg8 57. Ke5 Qg4 58.
Kd6 Qf5 59. Kc7 Qb5 60. Qd8+ Kh7 61. Qe7 Qc4 62. Qc5 Qxf4+ 63. Kxc6 Qe4+ 64.
Kb6 Qe6+ 65. Qc6 Qb3 66. Qe4+ Kg7 67. a6 Qg3 68. Qd4+ Kh7 69. a7 Qf3 70. b5 Qa8
71. Qd7 Kg6 72. Qc6+ 1-0

[Event "FIDE Open World Blitz 2021"]
[Site "Warsaw"]
[Date "2021.12.29"]
[Round "6.30"]
[White "Dvirnyy, Danyyil"]
[Black "Tari, Aryan"]
[Result "1-0"]
[WhiteElo "2493"]
[BlackElo "2649"]
[Annotator "ChessBase"]
[PlyCount "73"]
[EventDate "2021.12.29"]
[EventType "swiss"]
[EventCountry "POL"]
[Tiebreak "Cut1 Buchholz"]
[SourceTitle "playchess.com"]
[Source "ChessBase"]
[SourceQuality "1"]

1. Nf3 d5 2. g3 g6 3. Bg2 Bg7 4. O-O e5 5. d3 Ne7 6. c4 c6 7. Qc2 O-O 8. Nc3 h6
9. Rb1 Be6 10. Rd1 f5 11. b4 Nd7 12. b5 d4 13. bxc6 Nxc6 14. Nd5 Nc5 15. Ba3 b6
16. Bxc5 bxc5 17. Rb7 Rf7 18. Rxf7 Bxf7 19. Rb1 Rb8 20. Nd2 Rxb1+ 21. Qxb1 Qa5
22. Nb3 Qa3 23. Nc7 Nb4 24. Nxc5 Nxa2 25. Qb8+ Kh7 26. N7e6 Nc3 27. Bf3 e4 28.
dxe4 fxe4 29. Bg4 Bxe6 30. Nxe6 Qe7 31. h4 h5 32. Ng5+ Kh6 33. Be6 Nxe2+ 34.
Kf1 d3 35. Qg8 Nxg3+ 36. Kg2 Bf6 37. Bf7 1-0

[Event "FIDE Open World Blitz 2021"]
[Site "Warsaw"]
[Date "2021.12.29"]
[Round "6.30"]
[White "Lubczynski, Rafal"]
[Black "Sadzikowski, Daniel"]
[Result "1/2-1/2"]
[WhiteElo "2361"]
[BlackElo "2415"]
[Annotator "NA"]
[PlyCount "105"]
[EventDate "2021.12.29"]
[EventType "swiss"]
[EventCountry "POL"]
[Tiebreak "Cut1 Buchholz"]
[SourceTitle "playchess.com"]
[Source "ChessBase"]
[SourceQuality "1"]

1. Nf3 Nf6 2. c4 g6 3. g3 Bg7 4. Bg2 O-O 5. O-O d6 6. d4 Nc6 7. Nc3 Bg4 8. d5
Na5 9. Nd2 c5 10. h3 Bd7 11. Qc2 Rb8 12. Rb1 a6 13. b4 cxb4 14. Rxb4 b5 15.
cxb5 axb5 16. Qb1 Qc8 17. Nxb5 Qc5 18. a4 Nxd5 19. Bxd5 Qxd5 20. Nc7 Rxb4 21.
Qxb4 Qc5 22. Qxc5 dxc5 23. Ba3 Bxa4 24. Bxc5 Rc8 25. Bb6 Nb3 26. Nf3 Bc6 27.
Rb1 Bxf3 28. Rxb3 Bxe2 29. Re3 Bc4 30. Rxe7 Bf8 31. Re8 Rxe8 32. Nxe8 Be7 33.
Bd4 Be6 34. Kh2 h5 35. Nf6+ Kf8 36. f3 Ba3 37. g4 hxg4 38. hxg4 Ke7 39. Kg3
Bd6+ 40. Kf2 Ba3 41. Ke3 Bc1+ 42. Kf2 Bg5 43. Ne4 Bc1 44. g5 Ba3 45. Bf6+ Ke8
46. Ke3 Bd5 47. Kd4 Bxe4 48. Kxe4 Kd7 49. f4 Ke6 50. Be5 Bc1 51. Bf6 Ba3 52.
Be5 Be7 53. Bb8 1/2-1/2

[Event "FIDE Open World Blitz 2021"]
[Site "Warsaw"]
[Date "2021.12.29"]
[Round "6.31"]
[White "Maghsoodloo, Parham"]
[Black "Najer, Evgeniy"]
[Result "1-0"]
[WhiteElo "2706"]
[BlackElo "2654"]
[Annotator "ChessBase"]
[PlyCount "45"]
[EventDate "2021.12.29"]
[EventType "swiss"]
[EventCountry "POL"]
[Tiebreak "Cut1 Buchholz"]
[SourceTitle "playchess.com"]
[Source "ChessBase"]
[SourceQuality "1"]

1. d4 d5 2. Nf3 Nf6 3. Bf4 c5 4. e3 Nc6 5. Nbd2 Bg4 6. c3 e6 7. Bb5 Bd6 8. Qa4
O-O 9. Bxc6 bxc6 10. Bxd6 Qxd6 11. Ne5 cxd4 12. cxd4 Rfb8 13. Nb3 Rb6 14. Rc1
Bf5 15. O-O Nd7 16. Rxc6 Rxc6 17. Qxc6 Qxc6 18. Nxc6 Bd3 19. Rc1 Bc4 20. Nba5
Kf8 21. Nxc4 dxc4 22. Rxc4 Rc8 23. Ne5 1-0

[Event "FIDE Open World Blitz 2021"]
[Site "Warsaw"]
[Date "2021.12.29"]
[Round "6.31"]
[White "Lopusiewicz, Piotr"]
[Black "Dragnev, Valentin"]
[Result "0-1"]
[WhiteElo "2279"]
[BlackElo "2396"]
[Annotator "NA"]
[PlyCount "40"]
[EventDate "2021.12.29"]
[EventType "swiss"]
[EventCountry "POL"]
[Tiebreak "Cut1 Buchholz"]
[SourceTitle "playchess.com"]
[Source "ChessBase"]
[SourceQuality "1"]

1. d4 Nf6 2. c4 g6 3. Nc3 d5 4. cxd5 Nxd5 5. e4 Nxc3 6. bxc3 Bg7 7. Nf3 c5 8.
Be3 Qa5 9. Qd2 O-O 10. Rc1 Nd7 11. h4 Nf6 12. Bd3 Rd8 13. h5 cxd4 14. Nxd4 Nxh5
15. Bh6 Bxh6 16. Qxh6 Rxd4 17. Ke2 Rd6 18. f3 Qe5 19. Ke3 Qc5+ 20. Ke2 Ng3+ 0-1

[Event "FIDE Open World Blitz 2021"]
[Site "Warsaw"]
[Date "2021.12.29"]
[Round "6.32"]
[White "Gumularz, Szymon"]
[Black "Masternak, Grzegorz"]
[Result "1-0"]
[WhiteElo "2396"]
[BlackElo "2188"]
[Annotator "NA"]
[PlyCount "77"]
[EventDate "2021.12.29"]
[EventType "swiss"]
[EventCountry "POL"]
[Tiebreak "Cut1 Buchholz"]
[SourceTitle "playchess.com"]
[Source "ChessBase"]
[SourceQuality "1"]

1. e4 e6 2. d4 d5 3. Nd2 Nf6 4. e5 Nfd7 5. Bd3 c5 6. c3 Nc6 7. Ne2 cxd4 8. cxd4
f6 9. exf6 Nxf6 10. Nf3 Bd6 11. O-O Qc7 12. Nc3 a6 13. h3 O-O 14. Be3 Bd7 15.
Rc1 Rae8 16. Re1 Re7 17. Ne5 Be8 18. Na4 Qa5 19. Nxc6 Bxc6 20. Nc3 Be8 21. Qd2
Rc7 22. Bg5 Bd7 23. Bb1 Bb4 24. Qd3 Bb5 25. Nxb5 Bxe1 26. Nxc7 Ne4 27. Be3
Bxf2+ 28. Bxf2 Rxf2 29. Qe3 Qd2 30. Qxd2 Rxd2 31. Nxe6 Rxb2 32. Bxe4 dxe4 33.
Rc7 e3 34. Rxg7+ Kh8 35. Re7 Kg8 36. Nf4 Rxa2 37. Rxe3 Rd2 38. Rd3 Rc2 39. d5
1-0

[Event "FIDE Open World Blitz 2021"]
[Site "Warsaw"]
[Date "2021.12.29"]
[Round "6.33"]
[White "Zilka, Stepan"]
[Black "Salem, A.R. Saleh"]
[Result "0-1"]
[WhiteElo "2593"]
[BlackElo "2690"]
[Annotator "ChessBase"]
[PlyCount "66"]
[EventDate "2021.12.29"]
[EventType "swiss"]
[EventCountry "POL"]
[Tiebreak "Cut1 Buchholz"]
[SourceTitle "playchess.com"]
[Source "ChessBase"]
[SourceQuality "1"]

1. e4 c5 2. Nf3 Nc6 3. Nc3 g6 4. d4 cxd4 5. Nxd4 Bg7 6. Be3 Nf6 7. Be2 O-O 8.
O-O d6 9. h3 Bd7 10. Qd2 a6 11. Nxc6 Bxc6 12. Bd3 b5 13. a3 Qc7 14. Bh6 Rfd8
15. Bxg7 Kxg7 16. Rfe1 Qb7 17. Qg5 h6 18. Qg3 e5 19. f4 Nh5 20. Qf2 Nxf4 21.
Bf1 Qa7 22. Rad1 Qxf2+ 23. Kxf2 Kf8 24. g3 Ne6 25. h4 Rab8 26. Ke3 a5 27. Rd2
b4 28. axb4 axb4 29. Ne2 Nc5 30. Bg2 f5 31. Nc1 Bxe4 32. Bxe4 Nxe4 33. Rg2 Nxg3
0-1

[Event "FIDE Open World Blitz 2021"]
[Site "Warsaw"]
[Date "2021.12.29"]
[Round "6.33"]
[White "Lima, Darcy"]
[Black "Baum, Jonasz"]
[Result "1-0"]
[WhiteElo "2379"]
[BlackElo "2157"]
[Annotator "NA"]
[PlyCount "71"]
[EventDate "2021.12.29"]
[EventType "swiss"]
[EventCountry "POL"]
[Tiebreak "Cut1 Buchholz"]
[SourceTitle "playchess.com"]
[Source "ChessBase"]
[SourceQuality "1"]

1. d4 Nf6 2. c4 e6 3. Nf3 d5 4. g3 dxc4 5. Bg2 a6 6. Ne5 Bb4+ 7. Nc3 Nd5 8. Bd2
Nb6 9. e3 O-O 10. Qe2 c5 11. dxc5 Bxc5 12. Nxc4 Nc6 13. Rd1 Bd7 14. O-O Rc8 15.
Ne4 Nxc4 16. Nxc5 N6e5 17. Bb4 Qe7 18. Nxd7 Qxb4 19. Nxf8 Rxf8 20. Rd4 Qxb2 21.
Qxb2 Nxb2 22. Rb1 Nbc4 23. f4 Na3 24. Rxb7 Ng4 25. Rb3 Nc2 26. Rdd3 h5 27. h3
Nh6 28. e4 Ne1 29. Rd2 Nxg2 30. Kxg2 Rc8 31. Rbd3 Rc1 32. Ra3 h4 33. g4 f6 34.
Rxa6 e5 35. g5 Nf7 36. g6 1-0

[Event "FIDE Open World Blitz 2021"]
[Site "Warsaw"]
[Date "2021.12.29"]
[Round "6.34"]
[White "Santos Latasa, Jaime"]
[Black "Zvjaginsev, Vadim"]
[Result "1/2-1/2"]
[WhiteElo "2561"]
[BlackElo "2609"]
[Annotator "ChessBase"]
[PlyCount "127"]
[EventDate "2021.12.29"]
[EventType "swiss"]
[EventCountry "POL"]
[Tiebreak "Cut1 Buchholz"]
[SourceTitle "playchess.com"]
[Source "ChessBase"]
[SourceQuality "1"]

1. e4 c5 2. Nf3 Nc6 3. Nc3 g6 4. d4 cxd4 5. Nxd4 Bg7 6. Be3 Nf6 7. Bc4 O-O 8.
Bb3 d6 9. f3 Qa5 10. Qd2 Nxd4 11. Bxd4 Be6 12. O-O-O Rfc8 13. Kb1 b5 14. Rhe1
b4 15. Nd5 Nxd5 16. exd5 Bxd5 17. Bxg7 Bxb3 18. cxb3 Qf5+ 19. Qd3 Qxd3+ 20.
Rxd3 Kxg7 21. Rxe7 Rc6 22. Rd4 Rac8 23. Rc4 Rxc4 24. bxc4 Rxc4 25. Rxa7 Kf6 26.
Ra4 Rd4 27. Kc2 h5 28. g3 g5 29. b3 Ke5 30. Ra5+ d5 31. Ra7 Ke6 32. Ra8 h4 33.
Re8+ Kd6 34. Rg8 hxg3 35. hxg3 g4 36. f4 Re4 37. Kd3 Re1 38. Rxg4 Rd1+ 39. Kc2
Ra1 40. Kb2 Rg1 41. a4 Rg2+ 42. Kc1 f5 43. Rg5 Kc5 44. Rxf5 Rxg3 45. Kc2 Rg2+
46. Kd3 Rg3+ 47. Kc2 Kd4 48. Rf7 Rg2+ 49. Kc1 Kc3 50. Rc7+ Kxb3 51. a5 Ra2 52.
Rc5 d4 53. f5 d3 54. f6 Rf2 55. Rc6 Ka2 56. Rc4 Rc2+ 57. Rxc2+ dxc2 58. f7 b3
59. f8=Q b2+ 60. Kxc2 b1=Q+ 61. Kd2 Qb2+ 62. Kd3 Qb3+ 63. Ke2 Qb5+ 64. Ke3
1/2-1/2

[Event "FIDE Open World Blitz 2021"]
[Site "Warsaw"]
[Date "2021.12.29"]
[Round "6.34"]
[White "Nevednichy, Vladislav"]
[Black "Laith, Kasib"]
[Result "1-0"]
[WhiteElo "2379"]
[BlackElo "2010"]
[Annotator "NA"]
[PlyCount "47"]
[EventDate "2021.12.29"]
[EventType "swiss"]
[EventCountry "POL"]
[Tiebreak "Cut1 Buchholz"]
[SourceTitle "playchess.com"]
[Source "ChessBase"]
[SourceQuality "1"]

1. e4 d6 2. d4 Nf6 3. Bd3 e5 4. c3 d5 5. dxe5 Nxe4 6. Nf3 Nc5 7. Bc2 Nc6 8. h3
Be7 9. O-O O-O 10. Qe2 d4 11. Rd1 Ne6 12. Qe4 g6 13. Bh6 Re8 14. cxd4 Nb4 15.
Bb3 c6 16. Nc3 a5 17. a3 Na6 18. Ba2 Nac7 19. d5 cxd5 20. Nxd5 Nxd5 21. Bxd5
Qb6 22. Be3 Nc5 23. Qc4 Qa6 24. Bxf7+ 1-0

[Event "FIDE Open World Blitz 2021"]
[Site "Warsaw"]
[Date "2021.12.29"]
[Round "6.35"]
[White "Timofeev, Artyom"]
[Black "Schneider, Ilja"]
[Result "1-0"]
[WhiteElo "2586"]
[BlackElo "2486"]
[Annotator "ChessBase"]
[PlyCount "72"]
[EventDate "2021.12.29"]
[EventType "swiss"]
[EventCountry "POL"]
[Tiebreak "Cut1 Buchholz"]
[SourceTitle "playchess.com"]
[Source "ChessBase"]
[SourceQuality "1"]

1. c4 c6 2. Nf3 d5 3. b3 Bg4 4. e3 e6 5. Bb2 Nf6 6. h3 Bh5 7. Be2 Bd6 8. g4 Bg6
9. g5 Ne4 10. h4 f6 11. d3 Nc5 12. gxf6 gxf6 13. h5 Bf7 14. Nbd2 Nbd7 15. Qc2
Qe7 16. d4 Na6 17. a3 dxc4 18. Nxc4 Bc7 19. Ncd2 Nab8 20. O-O-O Nb6 21. Kb1
N8d7 22. Ne4 Nd5 23. Bc4 O-O-O 24. Rc1 Kb8 25. Bd3 Rhg8 26. Ned2 h6 27. Bg6
Bxg6 28. hxg6 Qg7 29. Rcg1 Ne7 30. Nh4 Nf8 31. Ne4 Nfxg6 32. Nxg6 Nxg6 33. d5
e5 34. dxc6 bxc6 35. Qxc6 Qf7 36. Qc2 Qd5 1-0

[Event "FIDE Open World Blitz 2021"]
[Site "Warsaw"]
[Date "2021.12.29"]
[Round "6.35"]
[White "Petrovskyi, Vadym"]
[Black "Yunusov, Mukhammad"]
[Result "1-0"]
[WhiteElo "2377"]
[BlackElo "1874"]
[Annotator "NA"]
[PlyCount "87"]
[EventDate "2021.12.29"]
[EventType "swiss"]
[EventCountry "POL"]
[Tiebreak "Cut1 Buchholz"]
[SourceTitle "playchess.com"]
[Source "ChessBase"]
[SourceQuality "1"]

1. e4 c5 2. Nf3 d6 3. d4 cxd4 4. Nxd4 Nf6 5. Nc3 Nc6 6. Bg5 Bd7 7. Qd2 Rc8 8.
O-O-O Nxd4 9. Qxd4 Qa5 10. f4 Rxc3 11. bxc3 e5 12. Qc4 Bc6 13. Bxf6 gxf6 14. f5
Qb6 15. Qb3 Qxb3 16. cxb3 Bxe4 17. Bc4 Bxg2 18. Rhg1 Bc6 19. Kb2 Ke7 20. Rd3
Bh6 21. Rh3 Bf4 22. Rd3 b5 23. Bd5 Bxd5 24. Rxd5 a6 25. h3 Rc8 26. Rgd1 e4 27.
R5d4 Be5 28. Rxe4 Kf8 29. Rd3 b4 30. Rxb4 a5 31. Rc4 Ra8 32. a4 Ke7 33. Kc2 Ra7
34. Rd5 Ra8 35. Rc7+ Kf8 36. Rb7 Rc8 37. c4 Re8 38. Rxa5 Bf4 39. Raa7 Bh6 40.
Rxf7+ Kg8 41. Rfe7 Rd8 42. Rxh7 Bf4 43. Rag7+ Kf8 44. Rh8+ 1-0